| Tag |
First Indicator |
Second Indicator |
Subfields |
| LEADER |
00000cam a22000001a 4500 |
| 001 |
in00002877310 |
| 005 |
20190401170555.0 |
| 006 |
m o d |
| 007 |
cr un mmmapmmp |
| 008 |
061104s1862 dcu o f000 0 eng d |
| 035 |
|
|
|a cis2004014994
|
| 040 |
|
|
|a UMI
|c UMI
|d UtOrBLW
|
| 043 |
|
|
|a n-us---
|
| 099 |
|
|
|a ProQuest Serial Set Number 1141 H.misdoc.55
|
| 110 |
1 |
|
|a United States.
|b Congress.
|b House.
|b Committee on Commerce.
|
| 245 |
1 |
0 |
|a Mail line between San Francisco and Japan and China. Resolution of the Legislature of California, praying the establishment of a mail line between San Francisco and Japan and China.
|
| 246 |
1 |
|
|a Praying establishment of mail line between San Francisco and Japan. Resolutions of legislature of California
|
| 264 |
|
1 |
|a Washington :
|b [publisher not identified],
|c 1862.
|
| 300 |
|
|
|a 1 online resource.
|
| 336 |
|
|
|a text
|b txt
|2 rdacontent
|
| 337 |
|
|
|a computer
|b c
|2 rdamedia
|
| 338 |
|
|
|a online resource
|b cr
|2 rdacarrier
|
| 490 |
0 |
|
|a H.misdoc.55
|
| 500 |
|
|
|a Record is based on bibliographic data in ProQuest U.S. Serial Set Digital Collection (last viewed Nov. 2006). Reuse except for individual research requires license from ProQuest, LLC.
|
| 510 |
3 |
|
|a ProQuest U.S. Serial Set Digital Collection
|
| 500 |
|
|
|a Electronic resource.
|
| 650 |
|
0 |
|a International economic relations.
|
| 650 |
|
0 |
|a Postal service.
|
| 651 |
|
0 |
|a Japan.
|
| 655 |
|
7 |
|a Electronic books.
|2 local
|
| 710 |
2 |
|
|a ProQuest (Firm)
|
| 830 |
|
0 |
|a United States congressional serial set.
|
| 856 |
4 |
0 |
|u http://proxy.library.tamu.edu/login?url=http://congressional.proquest.com/congcomp/getdoc?SERIAL-SET-ID=1141+H.misdoc.55
|z Connect to the full text of this electronic book
|t 0
|
| 999 |
|
|
|a MARS
|
| 999 |
f |
f |
|s ded9e3a0-fc1d-3a0a-8304-7e3dc8a232de
|i df96e130-1fc5-3f00-bb52-c17fe1e788fe
|t 0
|
| 952 |
f |
f |
|a Texas A&M University
|b College Station
|c Electronic Resources
|d Available Online
|t 0
|e ProQuest Serial Set Number 1141 H.misdoc.55
|h Other scheme
|
| 998 |
f |
f |
|a ProQuest Serial Set Number 1141 H.misdoc.55
|t 0
|l Available Online
|